| 000 | 00717cab a2200241 4500 | ||
|---|---|---|---|
| 001 | ABS59490 | ||
| 008 | 090401t1998 xxu||||| |||| 00| 0 eng d | ||
| 035 | _a(Sirsi) u89052 | ||
| 041 | _aeng | ||
| 100 | _aDe Havillande, J. | ||
| 245 | _aDamage limitation | ||
| 260 | _c1998 | ||
| 350 | _a0 | ||
| 490 |
_aEstates Gazette _v(9837) 12 September 1998, 158-159(2) |
||
| 520 | _aDefines illegal eviction and illustrates methods of assessing damages to tenants under the Housing Act 1988, through case law. | ||
| 650 | _aDAMAGES | ||
| 650 | _aHOUSING ACT 1988 S28 | ||
| 650 | _aILLEGAL EVICTION | ||
| 650 | _aPOSSESSION ORDER | ||
| 690 | _aPROPERTY-LANDLORD AND TENANT | ||
| 942 | _n0 | ||
| 948 | _c16/10/1998 | ||
| 999 |
_c56320 _d56320 |
||